Online
Catalog

Trabajando juntos en armonia / (Record no. 23456)

MARC details
000 -CABECERA
campo de control de longitud fija 00733nam a2200217 a 4500
001 - NÚMERO DE CONTROL
campo de control 000023960
005 - FECHA Y HORA DE LA ÚLTIMA TRANSACCIÓN
campo de control 20200930022613.0
008 - DATOS DE LONGITUD FIJA--INFORMACIÓN GENERAL
campo de control de longitud fija 110117s1974 ag r 000 0 spa d
040 ## - FUENTE DE LA CATALOGACIÓN
Centro catalogador/agencia de origen DO-SdBNP
Lengua de catalogación spa
Centro/agencia transcriptor BNPHU
041 17 - CÓDIGO DE LENGUA
Código de lengua del texto/banda sonora o título independiente spa
Código de lengua original eng
Fuente del código Código de idiomas MARC
082 ## - NÚMERO DE LA CLASIFICACIÓN DECIMAL DEWEY
Número de clasificación nnnn
Número de documento/Ítem B433t
049 ## - FONDOS LOCALES (OCLC)
Fondos de biblioteca BNGR
100 1# - ENTRADA PRINCIPAL--NOMBRE DE PERSONA
Nombre de persona Bell, A. Donald,
9 (RLIN) 49287
245 10 - MENCIÓN DE TÍTULO
Título Trabajando juntos en armonia /
Mención de responsabilidad, etc. A. Donald Bell ; Traducción de Ana María Swenson.
260 ## - PUBLICACIÓN, DISTRIBUCIÓN, ETC.
Lugar de publicación, distribución, etc. Buenos Aires :
Nombre del editor, distribuidor, etc. Casa Bautista de Publicaciones,
Fecha de publicación, distribución, etc. 1974.
300 ## - DESCRIPCIÓN FÍSICA
Extensión 111 p. ;
Dimensiones 19 cm.
490 1# - MENCIÓN DE SERIE
Mención de serie CBP
Designación de volumen o secuencia 17015
504 ## - NOTA DE BIBLIOGRAFÍA, ETC.
Nota de bibliografía, etc. Incluye referencias bibliográficas y notas al pie de las páginas.
700 1# - PUNTO DE ACCESO ADICIONAL--NOMBRE DE PERSONA
Nombre de persona Swenson, Ana María,
Término indicativo de función/relación tr.
9 (RLIN) 43676
830 #0 - PUNTO DE ACCESO ADICIONAL DE SERIE-TÍTULO UNIFORME
Título uniforme CBP
Designación de volumen o secuencia 17015
9 (RLIN) 45223
Holdings
Estado de retiro Estado de pérdida Restricciones de uso No para préstamo Código de colección Localización permanente Ubicación/localización actual Ubicación en estantería Fecha de adquisición Número de inventario Total de préstamos Signatura topográfica completa Código de barras Fecha visto por última vez Precio válido a partir de Tipo de ítem Koha
    Préstamo interno   Monografías: Libros y Folletos General General En catalogación 17.01.2011 LF1   nnnn B433t 23960-10 25.06.2020 25.06.2020 Préstamo interno

Powered by Koha